[Event "Olimpiade 2024 - Donne"]
[Site "Budapest"]
[Date "21.09.2024"]
[Round "10.14"]
[Board "2"]
[White "Georgescu, Lena"]
[Black "Limontaite, Simona"]
[Result "0-1"]
[WhiteTitle "FM"]
[BlackTitle "WIM"]
[WhiteElo "2266"]
[BlackElo "2177"]
[WhiteTeam "Switzerland"]
[BlackTeam "Lithuania"]
[WhiteFideId "1331973"]
[BlackFideId "12802506"]
[EventDate "2024.09.11"]

1. e4 e6 2. d4 d5 3. Nc3 Nf6 4. Bg5 dxe4 5. Nxe4 Nbd7 6. Nf3 h6 7. Bxf6 Nxf6 8.
Bd3 Nxe4 9. Bxe4 c5 10. Qe2 Qa5+ 11. c3 Be7 12. dxc5 Qxc5 13. Ne5 Bf6 14. f4
Bxe5 15. fxe5 a5 16. O-O-O Bd7 17. Rd4 Bc6 18. Bxc6+ Qxc6 19. Rhd1 O-O 20. a4
Rab8 21. Qf3 Qc5 22. Qe4 b5 23. g4 bxa4 24. Rxa4 Rb5 25. Rc4 Qf2 26. Qc2 Qxc2+
27. Kxc2 Rfb8 28. b3 Rxe5 29. b4 axb4 30. Rxb4 Rc8 31. Rbd4 Kh7 32. c4 Rec5 33.
Kc3 e5 34. Re4 R8c7 35. Kb4 f6 36. Rd5 R5c6 37. Rb5 Kg6 38. h4 h5 39. c5 hxg4
40. Rxg4+ Kf5 41. Rc4 e4 42. Rb6 e3 43. Rxc6 Rxc6 44. Rc1 Ke4 45. Kb5 Rc8 46. c6
e2 47. c7 Kd3 48. Kc6 Kd2 49. Ra1 e1=Q 50. Rxe1 Kxe1 51. Kd7 Rxc7+ 52. Kxc7 f5 0-1

[Event "Olimpiade 2024 - Donne"]
[Site "Budapest"]
[Date "21.09.2024"]
[Round "10.14"]
[Board "3"]
[White "Baginskaite, Kamile"]
[Black "Hakimifard, Ghazal"]
[Result "1-0"]
[WhiteTitle "WGM"]
[BlackTitle "WGM"]
[WhiteElo "2103"]
[BlackElo "2192"]
[WhiteTeam "Lithuania"]
[BlackTeam "Switzerland"]
[WhiteFideId "2014599"]
[BlackFideId "12506540"]
[EventDate "2024.09.11"]

1. d4 Nf6 2. c4 e6 3. Nf3 b6 4. g3 Bb7 5. Bg2 Be7 6. O-O O-O 7. Nc3 Ne4 8. Qc2
Nxc3 9. Qxc3 a5 10. Qc2 f5 11. d5 Bf6 12. Rd1 Na6 13. e4 Nb4 14. Qb1 fxe4 15.
Qxe4 Qe8 16. Ng5 Bxg5 17. Bxg5 Qf7 18. Qe2 Qf5 19. Bf4 Rae8 20. Bxc7 exd5 21.
Qd2 Rf6 22. Bf4 Rfe6 23. Re1 Nd3 24. Rxe6 dxe6 25. Be3 Ne5 26. Qe2 Nxc4 27. Bxb6
Rc8 28. Bd4 e5 29. Bc3 e4 30. Qd1 Rf8 31. Qd4 Rf7 32. Rf1 Re7 33. Qc5 Qf7 34. f3
e3 35. Re1 Rc7 36. Qd4 a4 37. f4 Re7 38. b3 axb3 39. axb3 Nd6 40. Rxe3 Ne4 41.
Bb2 h5 42. h4 Rc7 43. Bf1 Rc2 44. Rxe4 dxe4 45. Bc4 Rxc4 46. bxc4 Qg6 47. Kf2
Qg4 48. Qc3 Kf7 49. Ke1 Bc6 50. c5 Kf8 51. Qb3 Ke7 52. Be5 Qf3 53. Qxf3 exf3 54.
Bxg7 Ke6 55. g4 hxg4 56. Kf2 Kf5 57. Be5 Kg6 58. Kg3 Bd7 59. Bd4 Kh5 60. Bf2 Kg6
61. Kh2 Kh5 62. Bg3 Kg6 63. Kg1 Kf5 64. Kf1 Be8 65. Ke1 Ke4 66. Kd2 Kd4 67. f5
Kxc5 68. Ke3 Kd5 69. Kf4 Bd7 70. h5 Be6 71. fxe6 Kxe6 72. Kxg4 Kf6 73. Bf2 Kg7
74. Be3 1-0

[Event "Olimpiade 2024 - Donne"]
[Site "Budapest"]
[Date "21.09.2024"]
[Round "10.14"]
[Board "4"]
[White "Manko, Mariia"]
[Black "Sibajeva, Marija"]
[Result "1-0"]
[WhiteTitle "WFM"]
[BlackTitle "WFM"]
[WhiteElo "2159"]
[BlackElo "2007"]
[WhiteTeam "Switzerland"]
[BlackTeam "Lithuania"]
[WhiteFideId "14199220"]
[BlackFideId "12807583"]
[EventDate "2024.09.11"]

1. d4 Nf6 2. c4 g6 3. Nf3 Bg7 4. g3 c6 5. Bg2 d5 6. O-O O-O 7. Qb3 Qb6 8. Nc3
Rd8 9. Na4 Qxb3 10. axb3 Na6 11. Bf4 Bf5 12. Rac1 Rac8 13. Rfd1 h6 14. h4 Nh5
15. Bd2 b6 16. Ne5 f6 17. Nxc6 Rxc6 18. Bxd5+ Rxd5 19. cxd5 Rxc1 20. Rxc1 e5 21.
dxe6 Bxe6 22. b4 Bd7 23. b5 Nb8 24. Rc7 Bf8 25. Rxa7 Bxb5 26. Nc3 Bc4 27. Rb7
Nc6 28. Rc7 Na5 29. g4 Ng7 30. Bxh6 Ne8 31. Rc8 Bxh6 32. b4 Bf7 33. bxa5 bxa5
34. Ne4 Bf8 35. Ra8 Kg7 36. Rxa5 Nd6 37. Nxd6 Bxd6 38. e4 Bc7 39. Ra6 Bd8 40. f3
Bc4 41. Ra7+ Kf8 42. Kg2 Bf7 43. g5 Bb6 44. Ra8+ Be8 45. d5 fxg5 46. hxg5 Bc7
47. Ra6 Bf7 48. d6 Bd8 49. f4 Be6 50. Kg3 Ke8 51. Ra7 Kf8 52. Rb7 Ke8 53. Rh7
Bg8 54. Rh8 Kf8 55. Kg4 Kg7 56. Rh1 Be6+ 57. f5 Bd7 58. Rb1 Bc6 59. Kf4 Kf7 60.
Ra1 gxf5 61. exf5 Bd7 62. Ra7 Ke8 63. g6 Bc6 64. Ke5 Kf8 65. f6 Bf3 66. Rh7 Ke8
67. d7+ 1-0

[Event "Olimpiade 2024 - Donne"]
[Site "Budapest"]
[Date "21.09.2024"]
[Round "10.15"]
[Board "1"]
[White "Bulmaga, Irina"]
[Black "Terao, Juliana Sayumi"]
[Result "1-0"]
[WhiteTitle "IM"]
[BlackTitle "FM"]
[WhiteElo "2406"]
[BlackElo "2161"]
[WhiteTeam "Romania"]
[BlackTeam "Brazil"]
[WhiteFideId "13903063"]
[BlackFideId "2109220"]
[EventDate "2024.09.11"]

1. e4 e5 2. Nf3 Nc6 3. Bb5 a6 4. Ba4 Nf6 5. O-O Be7 6. Re1 b5 7. Bb3 O-O 8. h3
Bb7 9. d3 d6 10. a3 Na5 11. Ba2 c5 12. Bd2 Rc8 13. Nc3 Re8 14. b4 Nc6 15. Nd5
Nd4 16. Ne3 Bf8 17. c3 Ne6 18. Nd5 Nd7 19. Be3 g6 20. Rb1 Bg7 21. Qd2 Nb6 22.
Nxb6 Qxb6 23. a4 Qc6 24. axb5 axb5 25. c4 Ba6 26. cxb5 Bxb5 27. Rec1 Qd7 28.
Bxe6 Rxe6 29. bxc5 dxc5 30. Rxc5 Rxc5 31. Bxc5 Re8 32. Rb3 Rc8 33. Rc3 h6 34.
Qe3 Ra8 35. Bb6 Qd6 36. Bc7 Qb4 37. Rc1 Qe7 38. Rc5 Bxd3 39. Bxe5 Bf8 40. Rc7
Qa3 41. Qf4 f5 42. exf5 Ra4 43. Qd2 gxf5 44. Bb2 Qb4 45. Qxd3 Qxb2 46. Qd7 1-0

[Event "Olimpiade 2024 - Donne"]
[Site "Budapest"]
[Date "21.09.2024"]
[Round "10.15"]
[Board "2"]
[White "Librelato, Kathie Goulart"]
[Black "Sandu, Mihaela"]
[Result "0-1"]
[WhiteTitle "WIM"]
[BlackTitle "WGM"]
[WhiteElo "2181"]
[BlackElo "2248"]
[WhiteTeam "Brazil"]
[BlackTeam "Romania"]
[WhiteFideId "2153963"]
[BlackFideId "1204327"]
[EventDate "2024.09.11"]

1. e4 e5 2. Bc4 Nf6 3. d3 Nc6 4. Nc3 Na5 5. Nge2 Nxc4 6. dxc4 d6 7. Ng3 Be6 8.
b3 g6 9. Qd3 Bg7 10. Bg5 h6 11. Bd2 a6 12. a4 c6 13. O-O O-O 14. f4 exf4 15.
Bxf4 d5 16. cxd5 cxd5 17. e5 Ng4 18. Rad1 Qh4 19. Nge2 Nxe5 20. Qg3 Qxg3 21.
Bxg3 Rad8 22. Nf4 Bf5 23. Rd2 d4 24. Ncd5 Nc6 25. Nb6 Rfe8 26. Nh5 gxh5 27. Rxf5
d3 28. Nd5 dxc2 29. Rxc2 Nd4 30. Rcf2 Re1+ 0-1

[Event "Olimpiade 2024 - Donne"]
[Site "Budapest"]
[Date "21.09.2024"]
[Round "10.15"]
[Board "3"]
[White "Voicu-Jagodzinsky, Carmen"]
[Black "Alboredo, Julia"]
[Result "0-1"]
[WhiteTitle "WGM"]
[BlackTitle "FM"]
[WhiteElo "2271"]
[BlackElo "2127"]
[WhiteTeam "Romania"]
[BlackTeam "Brazil"]
[WhiteFideId "1206729"]
[BlackFideId "2124807"]
[EventDate "2024.09.11"]

1. d4 Nf6 2. Bf4 e6 3. e3 c5 4. Nf3 cxd4 5. exd4 b6 6. Bd3 Bb7 7. Nbd2 Be7 8. h3
d6 9. O-O O-O 10. Re1 Nbd7 11. Bg3 Qc7 12. a4 a6 13. Qe2 h6 14. c3 Rfe8 15. Nc4
Bf8 16. Ne3 Qc6 17. c4 e5 18. d5 Qc7 19. Bc2 g6 20. Nd2 Bg7 21. Rab1 a5 22. f3
Nh5 23. Bf2 Nc5 24. Qf1 Bc8 25. Nd1 Qe7 26. Be3 Bf6 27. g4 Ng7 28. Re2 Bg5 29.
Nf2 f5 30. b4 axb4 31. Rxb4 Bd7 32. Rxb6 Bxe3 33. Rxe3 Bxa4 34. Bb1 Reb8 35.
Rxb8+ Rxb8 36. f4 e4 37. Qc1 Qf6 38. Nf1 Qa1 39. Re1 Nb3 40. Qe3 Qd4 41. Ba2
Qxe3 42. Nxe3 Nd4 43. Rb1 Rxb1+ 44. Bxb1 Ne2+ 45. Kh2 Nxf4 46. Nfd1 Ne2 47. Nb2
Bb3 48. Bc2 Nd4 49. Bxb3 Nxb3 50. Kg3 Kf7 51. Na4 Kf6 52. Nc3 Ke5 53. Ne2 Nc5
54. Nf4 Kf6 55. gxf5 Nxf5+ 56. Nxf5 gxf5 57. h4 Nd3 58. Ne6 Ke5 59. h5 f4+ 60.
Kg4 Nf2+ 61. Kh4 e3 0-1

[Event "Olimpiade 2024 - Donne"]
[Site "Budapest"]
[Date "21.09.2024"]
[Round "10.15"]
[Board "4"]
[White "Tamarozi, Isabelle"]
[Black "Lehaci, Miruna-Daria"]
[Result "0-1"]
[BlackTitle "WIM"]
[WhiteElo "2059"]
[BlackElo "2180"]
[WhiteTeam "Brazil"]
[BlackTeam "Romania"]
[WhiteFideId "2132400"]
[BlackFideId "1234765"]
[EventDate "2024.09.11"]

1. e4 c5 2. Nf3 Nc6 3. d4 cxd4 4. Nxd4 Nf6 5. Nc3 d6 6. Be3 Ng4 7. Bb5 Nxe3 8.
fxe3 Bd7 9. O-O e6 10. Bxc6 bxc6 11. e5 Be7 12. exd6 Bxd6 13. Qh5 O-O 14. Ne4
Be7 15. Rad1 Qe8 16. Nf3 f6 17. Qa5 e5 18. Nd6 Qb8 19. Qc5 Be6 20. Qxc6 Bxd6 21.
Qxd6 Bc4 22. Rfe1 Qxb2 23. Rb1 Qxa2 24. Rec1 Bf7 25. Rb7 a5 26. e4 a4 27. Nh4
Qc4 28. Rb4 Qc3 29. Nf5 a3 30. Rbb1 a2 31. Ra1 Rfd8 32. Qe7 Rac8 33. Rxa2 Re8
34. Qd7 Rc7 35. Qa4 g6 36. Ra3 Qd2 37. Rf1 gxf5 38. Qa6 Qd8 39. Rxf5 Rxc2 40.
Rg3+ Bg6 41. h4 Rc1+ 42. Kh2 Qd1 43. Kh3 Qh1+ 44. Kg4 h5+ 45. Rxh5 Qd1+ 46. Rf3
Qd7+ 47. Rhf5 Bxf5+ 48. exf5 Qg7+ 49. Kh5 Rd1 50. Rg3 Qxg3 51. Qc6 Rdd8 52. Qc4+
Kh8 53. Qc7 Qg7 0-1

[Event "Olimpiade 2024 - Donne"]
[Site "Budapest"]
[Date "21.09.2024"]
[Round "10.16"]
[Board "1"]
[White "Keinanen, Anastasia"]
[Black "Brunello, Marina"]
[Result "1/2-1/2"]
[WhiteTitle "WIM"]
[BlackTitle "IM"]
[WhiteElo "2212"]
[BlackElo "2348"]
[WhiteTeam "Finland"]
[BlackTeam "Italy"]
[WhiteFideId "34101737"]
[BlackFideId "822590"]
[EventDate "2024.09.11"]

1. e4 c6 2. c4 d5 3. cxd5 cxd5 4. e5 Bf5 5. d4 e6 6. Bd3 Ne7 7. Nc3 Bxd3 8. Qxd3
Nf5 9. Nf3 Be7 10. O-O Nc6 11. g4 Nh6 12. Bxh6 gxh6 13. Kh1 a6 14. a3 Bg5 15. b4
f6 16. h4 Bf4 17. Ne2 fxe5 18. Nxf4 exf4 19. Rae1 Qf6 20. Qe2 Kf7 21. Rg1 Rhg8
22. Qd3 Qg6 23. Qd2 Qf6 24. Qd3 Qg6 25. Qd2 Qf6 26. Qd3 Qg6 1/2-1/2

[Event "Olimpiade 2024 - Donne"]
[Site "Budapest"]
[Date "21.09.2024"]
[Round "10.16"]
[Board "2"]
[White "Zimina, Olga"]
[Black "Paasikangas, Johanna"]
[Result "1-0"]
[WhiteTitle "IM"]
[BlackTitle "FM"]
[WhiteElo "2302"]
[BlackElo "2058"]
[WhiteTeam "Italy"]
[BlackTeam "Finland"]
[WhiteFideId "4132190"]
[BlackFideId "500879"]
[EventDate "2024.09.11"]

1. d4 d5 2. c4 e6 3. Nf3 Nf6 4. g3 Be7 5. Bg2 O-O 6. O-O b6 7. Ne5 Bb7 8. Nc3
Nbd7 9. Qa4 Nb8 10. Bf4 Nh5 11. Be3 c6 12. Rac1 a5 13. cxd5 exd5 14. Qb3 b5 15.
Na4 Na6 16. Nd3 Ra7 17. Nac5 Nxc5 18. Nxc5 Bc8 19. Nd3 Ra6 20. a4 b4 21. Ne5 Qe8
22. Qc2 Bb7 23. Bh3 Nf6 24. Bf5 h6 25. Bf4 Kh8 26. b3 Bd8 27. Nd3 Bb6 28. Be5
Nd7 29. Bd6 Rg8 30. e3 g6 31. Bh3 Kh7 32. Rfe1 Qd8 33. Nc5 Nxc5 34. dxc5 Bc7 35.
Bxc7 Qxc7 36. e4 Rd8 37. Bf1 Raa8 38. exd5 cxd5 39. c6 Bc8 40. Qc5 Rd6 41. Re8
Re6 42. Qf8 Rxe8 43. Qxe8 Rb8 44. Qe3 Be6 45. Qd4 Rd8 46. Bd3 Rd6 47. Bb5 Kg8
48. Rd1 Kh7 49. Qf4 Qd8 50. Rd4 Kg7 51. Kg2 Qe7 52. Qe5+ Kh7 53. Kg1 Qc7 54. Rh4
Qd8 55. c7 Qf8 56. Be8 d4 57. Bxf7 Bxf7 58. c8=Q Qxc8 59. Qxd6 Qc3 60. Rxd4 Qxb3
61. Qc7 Qb1+ 62. Kg2 Qf5 63. Qd7 Qe6 64. Qxe6 Bxe6 65. Rd6 Bb3 66. Ra6 Bxa4 67.
Rxa5 Bc2 68. Rb5 b3 69. Rb7+ Kg8 70. Kf3 Kf8 71. Ke3 Ke8 72. g4 g5 73. Kd4 Kf8
74. Ke5 Kg8 75. Kf6 Kh8 76. Rb8+ Kh7 77. h3 1-0

[Event "Olimpiade 2024 - Donne"]
[Site "Budapest"]
[Date "21.09.2024"]
[Round "10.16"]
[Board "3"]
[White "Bederdin, Lilja"]
[Black "Sedina, Elena"]
[Result "1-0"]
[BlackTitle "IM"]
[WhiteElo "2065"]
[BlackElo "2196"]
[WhiteTeam "Finland"]
[BlackTeam "Italy"]
[WhiteFideId "510360"]
[BlackFideId "812153"]
[EventDate "2024.09.11"]

1. e4 e6 2. d4 d5 3. exd5 exd5 4. Nf3 Bd6 5. Bd3 Nc6 6. O-O Nge7 7. c3 Bg4 8.
Nbd2 Qd7 9. Re1 O-O 10. Nf1 f6 11. Ne3 Bh5 12. g3 Nd8 13. Ng2 Ne6 14. Ngh4 Rae8
15. Bd2 c6 16. Kg2 Bg4 17. Qc2 g5 18. Bxh7+ Kg7 19. Ng6 Nxg6 20. Bxg6 Nf4+ 21.
Bxf4 Rxe1 22. Rxe1 gxf4 23. Nh4 Bh3+ 24. Kg1 f5 25. Qe2 Rh8 26. Qe6 Qxe6 27.
Rxe6 Bf8 28. Nxf5+ Kg8 29. Rf6 fxg3 30. fxg3 Bxf5 31. Bxf5 Bg7 32. Rd6 Bh6 33.
Rd7 b6 34. Rxa7 Bc1 35. Ra6 Bxb2 36. Rxb6 Bxc3 37. Rxc6 Bxd4+ 38. Kg2 Kg7 39.
Rd6 Ra8 40. Bb1 Ra5 41. Kf3 Be5 42. Rb6 Bc3 43. h4 d4 44. Rb3 Ra7 45. g4 Be1 46.
Kf4 Bxh4 47. Rh3 Rf7+ 48. Bf5 Bd8 49. Rh7+ Kf8 50. Rxf7+ Kxf7 51. g5 Kg7 52. a4
Kf8 53. Bd3 Kf7 54. Kf5 Kg7 55. g6 Bc7 56. Ke6 Ba5 57. Kd5 Bc3 58. Kc4 Kf6 59.
Kb5 1-0

[Event "Olimpiade 2024 - Donne"]
[Site "Budapest"]
[Date "21.09.2024"]
[Round "10.16"]
[Board "4"]
[White "Sala, Giulia"]
[Black "Puuska, Heini"]
[Result "1-0"]
[WhiteTitle "WFM"]
[BlackTitle "WFM"]
[WhiteElo "2115"]
[BlackElo "1930"]
[WhiteTeam "Italy"]
[BlackTeam "Finland"]
[WhiteFideId "2840451"]
[BlackFideId "502324"]
[EventDate "2024.09.11"]

1. e4 c5 2. Nf3 Nc6 3. d4 cxd4 4. Nxd4 g6 5. Nc3 Bg7 6. Nb3 Nf6 7. Be2 d6 8. O-O
O-O 9. Bg5 h6 10. Be3 a5 11. a4 Be6 12. f4 Bxb3 13. cxb3 Nb4 14. Rc1 d5 15. e5
Nh7 16. Bc5 Rc8 17. Qd4 g5 18. Bb5 Rxc5 19. Qxc5 gxf4 20. Rxf4 Bxe5 21. Rg4+ Kh8
22. Qe3 Bg7 23. Ne2 e5 24. Ng3 f5 25. Rxg7 Kxg7 26. Qxe5+ Kg6 27. Rc7 Qf6 28.
Be8+ Rxe8 29. Qxe8+ Kg5 30. Qh5+ Kf4 31. Qf3+ Kg5 32. Rg7+ Qxg7 33. Qxf5+ 1-0

[Event "Olimpiade 2024 - Donne"]
[Site "Budapest"]
[Date "21.09.2024"]
[Round "10.17"]
[Board "1"]
[White "Tan, Li Ting"]
[Black "Francisco Guecamburu, Candela Be"]
[Result "1/2-1/2"]
[WhiteTitle "WFM"]
[BlackTitle "WGM"]
[WhiteElo "2037"]
[BlackElo "2294"]
[WhiteTeam "Malaysia"]
[BlackTeam "Argentina"]
[WhiteFideId "5704820"]
[BlackFideId "160911"]
[EventDate "2024.09.11"]

1. d4 Nf6 2. c4 e6 3. Nc3 Bb4 4. f3 c5 5. d5 b5 6. e4 O-O 7. a3 Bxc3+ 8. bxc3
bxc4 9. Bxc4 Ba6 10. Bxa6 Nxa6 11. Ne2 exd5 12. exd5 c4 13. Bg5 Nc5 14. O-O Qb6
15. Rb1 Nb3+ 16. Kh1 Qd6 17. Nd4 Nc5 18. Nb5 Qe5 19. f4 Qxd5 20. Bxf6 Qxd1 21.
Rbxd1 gxf6 22. Nd6 Rfb8 23. Rd5 Na4 24. Nxc4 Rc8 25. Nd6 Nxc3 26. Rd3 Rc5 27.
Rc1 Rb8 28. h3 Ne4 29. Rxc5 Nf2+ 30. Kh2 Nxd3 31. Rc7 Rb2 32. Nf5 h5 33. Rxd7
Nxf4 34. Kg3 Nxg2 35. Rxa7 Kh7 36. a4 Kg6 37. Ne7+ Kh6 38. Nd5 Rd2 39. Nxf6 Ne1
40. Ra6 Rg2+ 41. Kf4 Nd3+ 42. Kf3 Ra2 43. Ne4+ Kg7 44. Ra7 Ra3 45. Nd6 1/2-1/2

[Event "Olimpiade 2024 - Donne"]
[Site "Budapest"]
[Date "21.09.2024"]
[Round "10.17"]
[Board "2"]
[White "Campos, Maria Jose"]
[Black "Azhar, Puteri Munajjah Az-Zahraa"]
[Result "1-0"]
[WhiteTitle "WIM"]
[BlackTitle "WIM"]
[WhiteElo "2252"]
[BlackElo "2014"]
[WhiteTeam "Argentina"]
[BlackTeam "Malaysia"]
[WhiteFideId "146803"]
[BlackFideId "5709040"]
[EventDate "2024.09.11"]

1. c4 e6 2. g3 d5 3. Nf3 dxc4 4. Bg2 a6 5. a4 c5 6. O-O Nc6 7. Na3 Na5 8. Qc2
Bd6 9. Nxc4 Nxc4 10. Qxc4 Bd7 11. Qc3 Nf6 12. Ne5 Nd5 13. Bxd5 exd5 14. Nxd7 d4
15. Qc4 Qxd7 16. e3 Qe6 17. b3 O-O-O 18. exd4 Qxc4 19. bxc4 cxd4 20. Bb2 Bc5 21.
Rfe1 Rhe8 22. d3 f5 23. Kg2 g5 24. h3 Kd7 25. g4 f4 26. Kf3 Kd6 27. h4 h6 28.
hxg5 hxg5 29. Rh1 Re5 30. Rh7 Kc6 31. Rah1 Rde8 32. Bc1 Bb4 33. Bb2 Bc5 34. Rg7
R8e7 35. Rh6+ Kd7 36. Rhg6 Rxg7 37. Rxg7+ Kc6 38. Rg6+ Kc7 39. Bc1 Kd7 40. Bd2
Bd6 41. Rf6 Ke7 42. Rf5 Rxf5 43. gxf5 Kf6 44. Ke4 b6 45. f3 a5 46. Be1 Bb4 47.
Bf2 Bc3 48. Bg1 Bb2 49. Kd5 Kxf5 50. Kc6 g4 51. fxg4+ Kxg4 52. Kxb6 Kg3 53. c5
Kg2 54. c6 Kxg1 55. c7 f3 56. c8=Q Bc3 57. Qg4+ Kf2 58. Kc5 Ke3 59. Qe4+ Kf2 60.
Kd5 Kg3 61. Qg6+ Kh3 62. Qh5+ Kg3 63. Ke4 1-0

[Event "Olimpiade 2024 - Donne"]
[Site "Budapest"]
[Date "21.09.2024"]
[Round "10.17"]
[Board "3"]
[White "Azhar, Puteri Rifqah Fahada"]
[Black "Borda Rodas, Anapaola S."]
[Result "0-1"]
[WhiteTitle "WFM"]
[BlackTitle "WIM"]
[WhiteElo "1947"]
[BlackElo "2216"]
[WhiteTeam "Malaysia"]
[BlackTeam "Argentina"]
[WhiteFideId "5702879"]
[BlackFideId "152781"]
[EventDate "2024.09.11"]

1. e4 e5 2. Nf3 Nc6 3. d4 exd4 4. Nxd4 Bc5 5. Nb3 Bb6 6. Nc3 d6 7. Qe2 a5 8. a4
Nb4 9. g3 h5 10. h3 Be6 11. Bg2 Qd7 12. Nd5 Bxd5 13. exd5+ Qe7 14. Be4 Nf6 15.
Bd3 Nxd3+ 16. cxd3 Nxd5 17. Qxe7+ Kxe7 18. Bd2 Kd7 19. O-O f5 20. Kg2 Rhe8 21.
Rfe1 Rxe1 22. Rxe1 c5 23. Bc3 g6 24. Nd2 Bc7 25. Nc4 Nb4 26. b3 Nxd3 27. Rd1 Nb4
28. Ne5+ Ke6 29. Nxg6 Nd5 30. Bb2 Rg8 31. Rxd5 Rxg6 32. Rd3 f4 33. Kf3 fxg3 34.
fxg3 d5 35. Kg2 d4 36. Rf3 Be5 37. Bc1 Kd5 38. Bd2 b6 39. Be1 Ke4 40. Rf8 Bxg3
41. Bxg3 h4 42. Rf4+ Ke3 43. Rxh4 d3 44. Rf4 d2 45. Rf3+ Ke2 46. Rf2+ Kd3 47.
Rf3+ Kc2 48. Rf2 Kc1 0-1

[Event "Olimpiade 2024 - Donne"]
[Site "Budapest"]
[Date "21.09.2024"]
[Round "10.17"]
[Board "4"]
[White "Sarquis, Maria Belen"]
[Black "Nithyalakshmi, Sivanesan"]
[Result "1-0"]
[WhiteTitle "WIM"]
[BlackTitle "WCM"]
[WhiteElo "2172"]
[BlackElo "1912"]
[WhiteTeam "Argentina"]
[BlackTeam "Malaysia"]
[WhiteFideId "111805"]
[BlackFideId "5706955"]
[EventDate "2024.09.11"]

1. e4 e5 2. Nf3 Nc6 3. Bc4 Bc5 4. d3 Nf6 5. O-O O-O 6. a4 a5 7. Be3 d6 8. h3 h6
9. Nbd2 Ba7 10. c3 Be6 11. Bxe6 fxe6 12. Qb3 Qd7 13. Rad1 Bxe3 14. fxe3 d5 15.
Rf2 Kh7 16. Rdf1 Qd6 17. g4 b6 18. Kh2 Rae8 19. g5 Nd7 20. Qd1 Qe7 21. Rg2 h5
22. g6+ Kg8 23. Ng5 Rxf1 24. Nxf1 Nf6 25. Nf7 Nd8 26. Nxe5 Qd6 27. d4 Nc6 28.
Rg5 Nxe4 29. Rxh5 Nf6 30. Kg1 Nxh5 31. Nf7 Nf6 32. Nxd6 cxd6 33. Ng3 Ne7 34. Qc2
Rf8 35. Kg2 Nd7 36. h4 Rf6 37. h5 Kf8 38. b4 Nc6 39. Qd3 axb4 40. cxb4 Ke7 41.
Qb5 Na7 42. Qa6 Nc6 43. Qc8 Nd8 44. a5 bxa5 45. bxa5 Rf8 46. a6 Nf7 47. Qc7 1-0

[Event "Olimpiade 2024 - Donne"]
[Site "Budapest"]
[Date "21.09.2024"]
[Round "10.18"]
[Board "1"]
[White "Shohradova, Lala"]
[Black "Tsolakidou, Stavroula"]
[Result "1/2-1/2"]
[WhiteTitle "WFM"]
[BlackTitle "IM"]
[WhiteElo "2030"]
[BlackElo "2444"]
[WhiteTeam "Turkmenistan"]
[BlackTeam "Greece"]
[WhiteFideId "14004089"]
[BlackFideId "4264312"]
[EventDate "2024.09.11"]

1. d4 Nf6 2. c4 c5 3. Nf3 cxd4 4. Nxd4 e5 5. Nc2 d5 6. cxd5 Nxd5 7. e4 Nb4 8.
Qxd8+ Kxd8 9. Nxb4 Bxb4+ 10. Nc3 Nc6 11. Bc4 Be6 12. Bg5+ Kc7 13. Bxe6 fxe6 14.
O-O-O h6 15. Bh4 Bxc3 16. bxc3 Na5 17. Bg3 Nc4 18. Rd4 b5 19. Rhd1 Rad8 20. a4
a6 21. Kc2 Kc8 22. Rxd8+ Rxd8 23. Rxd8+ Kxd8 24. axb5 axb5 25. Kd3 Ke7 26. f3
Kd6 27. Bh4 Nb2+ 28. Kc2 Nc4 29. Kd3 Nb2+ 30. Kc2 Nc4 31. Kd3 1/2-1/2

[Event "Olimpiade 2024 - Donne"]
[Site "Budapest"]
[Date "21.09.2024"]
[Round "10.70"]
[White "Avramidou, Anastasia"]
[Black "Agajanova, Meryem"]
[Result "1-0"]
[WhiteTitle "FM"]
[BlackTitle "WCM"]
[WhiteElo "2290"]
[BlackElo "2007"]
[WhiteTeam "Greece"]
[BlackTeam "Turkmenistan"]
[WhiteFideId "4239873"]
[BlackFideId "14005930"]
[EventDate "2024.09.11"]

1. e4 e6 2. d4 d5 3. e5 c5 4. c3 Qb6 5. Nf3 Nc6 6. a3 Bd7 7. b4 cxd4 8. cxd4
Nge7 9. Be3 Nf5 10. Bd3 Nxe3 11. fxe3 Rc8 12. Nbd2 Ne7 13. Qe2 Qd8 14. O-O g6
15. Nb3 b6 16. Rac1 Bh6 17. g4 O-O 18. h4 Ba4 19. Nbd2 Qd7 20. Nb1 Rxc1 21. Rxc1
Rc8 22. Nc3 Rc7 23. Kf2 Qc8 24. Qb2 Bd7 25. Ke2 Bf8 26. Kd2 Kg7 27. h5 Ng8 28.
Rh1 Nh6 29. Rg1 Be7 30. g5 Nf5 31. Bxf5 gxf5 32. Ne1 Qd8 33. Nf3 a5 34. b5 Qf8
35. Nb1 Qe8 36. Nc3 Qf8 37. Nb1 Rc4 38. Ke2 Qc8 39. Ne1 Ra4 40. g6 fxg6 41. hxg6
hxg6 42. Nd3 Qc4 43. Rc1 Qxb5 44. Rc7 Kf8 45. Kd2 Rc4 46. Rb7 g5 47. Nc3 Qxb2+
48. Nxb2 Rxc3 49. Kxc3 Ke8 50. Rxb6 Bxa3 51. Nd3 g4 52. Kd2 a4 53. Rb8+ Kf7 54.
Rb7 Ke7 55. Nc5 Bxc5 56. dxc5 Kd8 57. Ke2 Kc8 58. Ra7 Bb5+ 59. Kf2 Kb8 60. Ra5
Bd7 61. Kg3 Kb7 62. Kf4 Be8 63. Kg3 Bd7 64. Kf4 Kc6 65. Kg3 Be8 66. Kf4 d4 67.
exd4 Kd5 68. c6+ Kxc6 69. Rxa4 Kb5 70. Ra8 Bc6 71. Rc8 Be4 72. Re8 Bd5 73. Rc8
Kb4 74. Rc7 Bc4 75. Rc8 Bd5 76. Rc7 Kb3 77. Rc5 Bc4 78. d5 exd5 79. e6 g3 80.
Kxg3 d4 81. Rxc4 Kxc4 82. e7 d3 83. e8=Q d2 84. Qe2+ 1-0

[Event "Olimpiade 2024 - Donne"]
[Site "Budapest"]
[Date "21.09.2024"]
[Round "10.18"]
[Board "3"]
[White "Shohradova, Leyla"]
[Black "Pavlidou, Ekaterini"]
[Result "0-1"]
[WhiteTitle "WCM"]
[BlackTitle "WIM"]
[WhiteElo "1873"]
[BlackElo "2141"]
[WhiteTeam "Turkmenistan"]
[BlackTeam "Greece"]
[WhiteFideId "14004259"]
[BlackFideId "4213262"]
[EventDate "2024.09.11"]

1. d4 Nf6 2. c4 e6 3. g3 c5 4. Nf3 cxd4 5. Nxd4 d5 6. Bg2 e5 7. Nf3 d4 8. O-O
Nc6 9. b4 e4 10. Ng5 Bxb4 11. Nxe4 Nxe4 12. Bxe4 Bh3 13. Bg2 Qd7 14. Nd2 Bxg2
15. Kxg2 O-O 16. Nf3 Rfd8 17. a3 Bc5 18. Qd3 h6 19. Bb2 Qe6 20. Rfd1 f6 21. Rac1
Rd6 22. Nh4 Ne7 23. Kg1 Rad8 24. Ng2 g5 25. Qf3 Nc6 26. Qh5 Kg7 27. Ne1 b6 28.
Qf3 Ne5 29. Qe4 f5 30. Qc2 Kg6 31. Nd3 Ng4 32. h3 Nf6 33. Kg2 Kf7 34. Rh1 Re8
35. Rce1 Qd7 36. Bc1 Qc6+ 37. f3 Rde6 38. h4 g4 39. Bxh6 Rxe2+ 40. Rxe2 Qxf3+ 0-1

[Event "Olimpiade 2024 - Donne"]
[Site "Budapest"]
[Date "21.09.2024"]
[Round "10.18"]
[Board "4"]
[White "Markantonaki, Haritomeni"]
[Black "Rejepova, Jahan"]
[Result "1/2-1/2"]
[WhiteTitle "WFM"]
[WhiteElo "2179"]
[BlackElo "1915"]
[WhiteTeam "Greece"]
[BlackTeam "Turkmenistan"]
[WhiteFideId "4207050"]
[BlackFideId "14006480"]
[EventDate "2024.09.11"]

1. e4 e6 2. d4 d5 3. Bd3 dxe4 4. Bxe4 Nf6 5. Bf3 c5 6. Ne2 Nc6 7. Be3 cxd4 8.
Nxd4 Bd7 9. Nc3 Nxd4 10. Qxd4 Bc6 11. Bxc6+ bxc6 12. Qc4 Qc7 13. O-O-O Be7 14.
g4 Qb7 15. h4 O-O 16. g5 Nd5 17. Bd4 Rab8 18. b3 Qb4 19. Qxb4 Bxb4 20. Na4 Nb6
21. Nxb6 axb6 22. h5 Be7 23. Rhg1 f6 24. gxf6 Bxf6 25. Bxf6 Rxf6 26. Rd7 Rf7 27.
Rd6 c5 28. Rg2 Rf6 29. a4 Rb7 30. Kd2 Kf7 31. Kc3 Rf4 32. Rc6 Rh4 33. a5 bxa5
34. Rxc5 a4 35. bxa4 Rxa4 36. Rc4 Ra3+ 37. Kd2 Rh3 38. Rf4+ Ke8 39. Rg5 Rd7+ 40.
Kc1 Rh1+ 41. Kb2 Rb7+ 42. Kc3 Rh3+ 43. Kd2 Rd7+ 44. Kc1 Rh1+ 45. Kb2 Rb7+ 46.
Kc3 1/2-1/2